000 00538nam a2200157 4500
999 _c19193
_d19193
008 240219b ||||| |||| 00| 0 eng d
082 _aDC 641.337
_bM145 2023
100 _aMcDonald, Lisa.
_952619
245 _aTea for dummies /
_cLisa McDonald and Jill Rheinheimer.
260 _aHoboken, New Jersey :
_bJohn Wiley & Sons, Inc.,
_c©2023.
300 _axiii, 317 pages :
_billustrations ;
_c23 cm.
500 _aIncludes glossary and index.
650 _aTea.
_952620
700 _aRheinheimer, Jill.
_eauthor.
_952621
942 _2ddc
_cDC